[Event "27th Keres Memorial 2018"]
[Site "Tallinn"]
[Date "2018.01.13"]
[Round "5"]
[White "Ladva, Ottomar"]
[Black "Neiksans, Arturs"]
[Result "0-1"]
[WhiteElo "2452"]
[BlackElo "2590"]
[Annotator "TA"]
[PlyCount "61"]
[EventDate "2018.??.??"]
[EventType "swiss"]
[EventCountry "EST"]
[SourceTitle "playchess.com"]
[Source "ChessBase"]
[SourceQuality "1"]

{[%evp 17,61,-2,-14,-18,-4,-28,0,-5,-7,0,-24,-79,-83,-118,-108,-151,-162,-161,-156,-157,-155,-151,-162,-160,-141,-190,-150,-223,-211,-214,-208,-290,-291,-291,-281,-364,-338,-322,-323,-356,-200,-581,-550,-599,-456,-472]} 1. g3 e5 2. Bg2 d5 3. d3 Nf6 4. Nf3 Nc6 5. O-O Be7 6. a3 a5 7. b3 {A07: Réti Opening: New York and Capablanca Systems} O-O 8. Bb2 e4 9. dxe4 (9. Ne5 Nxe5 10. Bxe5 Ng4 11. Bf4 e3 12. Bxe3 Nxe3 13. fxe3 Bg5 14. e4 dxe4 {0-1 (35) Petrosian,T (2592)-Andriasian,Z (2621) Yerevan 2017}) 9... Nxe4 {LiveBook: 3 Games} 10. Nbd2 Bf5 $146 ({Predecessor:} 10... Bf6 11. Bxf6 Nxf6 12. c4 d4 13. Qc2 Re8 14. Rfe1 Bg4 {1-0 (34) Schwabeneder,F (2299)-Diermair,A (2485) Pinkafeld 2015}) 11. c4 dxc4 (11... Bf6 {seems wilder.} 12. Qc1 d4 13. Nxe4 Bxe4 14. b4 axb4 15. axb4 Qd6) 12. Nxc4 Qxd1 13. Rfxd1 Nc5 14. Ncd2 (14. Nfd2 $11) 14... Rfd8 $36 {[%mdl 2048] Keeping White busy.} 15. Bc3 Bc2 16. Rdc1 Bxb3 17. Rab1 Bd5 18. Ne1 {[%cal Bf3e1,Be1g2,Bg2e3][%mdl 32]} b6 19. Bxd5 Rxd5 20. Nc4 Rad8 21. Ng2 Bg5 22. f4 {[#]} (22. Nge3 $17 Bxe3 23. Nxe3) 22... Be7 $1 $19 23. Nge3 R5d7 24. Ne5 Nxe5 25. Bxe5 f6 26. Bb2 Nb3 27. Rc3 Nd2 28. Rbc1 Ne4 (28... Bc5 $142 {aiming for ...Ne4.} 29. Rxc5 bxc5) 29. Rb3 $2 {[#]} (29. Rc4 {was the crucial defense.} Nd2 30. Rxc7) 29... Bc5 30. Kg2 Nd2 31. Rbc3 {Precision: White = 26%, Black = 69%.} 0-1

[Event "27th Keres Memorial 2018"]
[Site "Tallinn"]
[Date "2018.01.13"]
[Round "5"]
[White "Chukavin, Kirill"]
[Black "Turov, Maxim"]
[Result "0-1"]
[WhiteElo "2267"]
[BlackElo "2640"]
[Annotator "TA"]
[PlyCount "112"]
[EventDate "2018.??.??"]
[EventType "swiss"]
[EventCountry "EST"]
[SourceTitle "playchess.com"]
[Source "ChessBase"]
[SourceQuality "1"]

{[%evp 36,112,25,9,39,39,47,37,35,5,6,6,12,6,13,6,41,19,72,69,71,83,81,81,87,88,87,81,83,79,79,79,79,79,79,79,79,79,79,23,79,79,79,79,116,0,0,0,0,0,0,-47,-38,-117,-104,-104,-90,-93,-75,-93,-82,-235,-225,-276,-269,-296,-259,-513,-499,-504,-481,-636,-629,-816,-581,-581,-513,-811,-808]} 1. e4 c6 2. d4 d5 3. Nc3 dxe4 4. Nxe4 Bf5 5. Ng3 Bg6 6. h4 h6 7. Nf3 Nf6 8. h5 Bh7 9. Bd3 Bxd3 10. Qxd3 e6 11. Bd2 Nbd7 {[%cal Bb8d7,Bd7f6,Bf6e4][%mdl 32]} 12. O-O-O Be7 13. Kb1 O-O 14. Ne4 Nxe4 {B19: Caro-Kann (Hauptvariante)} (14... c5 15. g4 Nxg4 16. Qe2 Qb6 17. Ne5 Ndxe5 18. dxe5 f5 19. exf6 Nxf6 20. Nc3 Rad8 21. Rhg1 Kh8 22. Rg6 {½-½ (38) Saric,I (2662)-Nisipeanu,L (2672) Heraklio 2017}) 15. Qxe4 Nf6 16. Qe2 Qd5 17. Ne5 Qe4 18. Qxe4 Nxe4 19. Be1 {LiveBook: 53 Partien} Rad8 20. f3 Nf6 21. Bf2 (21. Bh4 {is more complex.} Rd5 22. c4 Rd6 23. Bf2 Rfd8 24. Kc2) 21... Nd7 22. Nxd7 $146 ({Vorgänger:} 22. Nd3) 22... Rxd7 23. c3 {[%cal Bc2c3,Bc3c4][%mdl 32]} Rfd8 24. Kc2 a5 25. a4 Rd5 26. g4 f5 (26... b5 $11) 27. Rde1 Kf7 28. c4 Rxd4 29. Bxd4 Rxd4 30. gxf5 exf5 $16 {[%mdl 4096] Endspiel [#] KTT-KTL} 31. b3 $1 Rf4 32. Re3 Bc5 33. Rd3 {zielt auf Td7+ ab.} Bd4 34. Kd1 Ke6 35. Ke2 Kd6 36. Kf1 Kc5 37. Kg2 ({Günstiger ist} 37. Ke1 $16) 37... b6 (37... Kb4 $1 $11 {hält das Gleichgewicht.}) 38. Kg3 Be5 39. Kf2 Kb4 40. Re1 (40. Ke3 $16) 40... Rd4 $11 41. Ke2 Rh4 42. Kd1 Bd4 43. Re6 Kc5 44. Rg6 ({Besser ist} 44. Re8 $15) 44... Rxh5 45. Kc2 Rh2+ 46. Rd2 Rh3 47. Rd3 Bf6 48. Kd1 $2 {[#]} (48. Rg1 $17) 48... h5 $19 {[%cal Bh6h5,Bh5h4,Bh4h3][%mdl 32]} 49. Kc2 Kb4 50. Rg2 h4 51. Rd6 $2 (51. Re2 {war nötig.}) 51... Rxf3 {Schwarz steht klar auf Gewinn.} 52. Rxc6 Bd4 53. Rd6 h3 54. Rh2 Rc3+ 55. Kd2 Rxb3 56. Kc1 (56. Rh1 $142 Kc5 57. Rd5+ Kxc4 58. Rxf5) 56... Bg1 {Precision: Weiß = 33%, Schwarz = 70%.} 0-1

[Event "27th Keres Memorial 2018"]
[Site "Tallinn"]
[Date "2018.01.13"]
[Round "5"]
[White "Tronenkovs, Valdis"]
[Black "Kantans, Toms"]
[Result "1-0"]
[WhiteElo "2266"]
[BlackElo "2531"]
[Annotator "TA"]
[PlyCount "69"]
[EventDate "2018.??.??"]
[EventType "swiss"]
[EventCountry "EST"]
[SourceTitle "playchess.com"]
[Source "ChessBase"]
[SourceQuality "1"]

{[%evp 15,69,49,54,22,39,36,28,14,62,29,37,23,30,34,35,46,95,-37,29,-25,61,0,0,-105,-102,-212,0,0,22,3,83,99,131,137,154,155,714,707,858,922,910,894,864,870,856,897,1014,1014,947,941,851,818,1202,1103,29990,29991]} 1. e4 c5 2. Ne2 d6 3. d4 cxd4 4. Nxd4 Nf6 5. Nc3 a6 6. f3 Qb6 7. Nb3 e6 8. Qe2 Qc7 9. Be3 {B90: Sicilian Najdorf: Unusual White 6th moves, 6 Be3 Ng4 and 6 Be3 e5} (9. g4 b5 10. Be3 b4 11. Nd1 Nc6 12. Bg2 a5 13. Nd4 Nxd4 14. Bxd4 Be7 15. c4 O-O 16. O-O Ba6 {0-1 (66) Saric,I (2637)-Ruck,R (2567) Sibenik 2012}) 9... b5 10. O-O-O Bb7 11. g4 {White has an edge.} Nfd7 12. Qf2 Nc5 $146 ({Find the theoretical novelty and annotate with similar games:} 12... Be7 13. Bd3 O-O 14. g5 Nc5 15. Kb1 Nbd7 16. h4 Rac8 17. Nd4 b4 {0-1 (36) De la Villa Garcia,J (2495)-Suba,M (2535) Suances 1997}) 13. Kb1 Nbd7 14. h4 Be7 15. g5 Rc8 16. Rd2 (16. a3 $16) 16... O-O (16... Na4 $1 $15) 17. h5 (17. Nxc5 $142 dxc5 18. Bg2) 17... f5 (17... Na4 $11) 18. gxf6 ({Better is} 18. Bh3 $14) 18... Bxf6 $11 19. Bd4 (19. Nxc5 $11 {remains equal.} Nxc5 20. Bxc5 dxc5 21. Bh3) 19... b4 $17 20. Ne2 {[#]} (20. Nd1 $17 {was called for.}) 20... Nxe4 $2 (20... Bg5 $1 $19 21. Qg2 Ne5 22. Bxe5 (22. Qxg5 $2 Nxf3 23. Bxc5 Nxg5 $19) 22... Nxb3 23. Qxg5 Nxd2+ 24. Qxd2 dxe5) 21. fxe4 $11 Bxe4 22. Rg1 {Black must now prevent Nf4.} Bxc2+ (22... Bg5 $1 $11 23. Qg3 h6) 23. Ka1 $16 Bxb3 24. axb3 Qa5+ 25. Kb1 Nc5 $2 {[#]} (25... Qxh5 $16 26. Nf4 Qf7) 26. Bxf6 $18 Rc7 27. Bh3 {[%cal Bf1h3,Bh3e6,Be6b3][%mdl 32]} Rcf7 28. Qg2 {[%cal Rf6g7]} Qc7 29. Bd4 Nxb3 30. Rd3 Nxd4 31. Nxd4 Rf2 32. Bxe6+ Kh8 33. Qh3 Qc5 34. Bb3 Re8 35. Qg3 {Precision: White = 39%, Black = 35%.} 1-0

[Event "27th Keres Memorial 2018"]
[Site "Tallinn"]
[Date "2018.01.13"]
[Round "6"]
[White "Kovalenko, Igor"]
[Black "Chigaev, Maksim"]
[Result "1/2-1/2"]
[WhiteElo "2713"]
[BlackElo "2639"]
[Annotator "TA"]
[PlyCount "115"]
[EventDate "2018.??.??"]
[EventType "swiss"]
[EventCountry "EST"]
[SourceTitle "playchess.com"]
[Source "ChessBase"]
[SourceQuality "1"]

{[%evp 20,115,15,14,0,-2,-2,0,26,22,27,14,11,5,32,18,22,-37,-3,-25,-23,-35,-33,-52,0,-32,-29,-41,0,0,0,0,0,-18,-18,-20,-22,-23,-8,-8,-6,-58,-57,-73,0,0,0,0,0,0,0,0,0,0,0,0,0,0,0,-11,0,0,0,0,0,0,0,0,0,0,0,0,0,0,0,0,0,0,0,0,0,0,0,0,0,0,0,0,0,0,0,0,0,0,0,0,0,-6131]} 1. e4 e5 2. Nf3 Nc6 3. Bb5 a6 4. Ba4 Nf6 5. O-O Be7 6. Qe2 b5 7. Bb3 O-O 8. c3 d6 9. d4 Bg4 10. Rd1 Qc8 11. h3 Bh5 {C86: Closed Ruy Lopez: Worrall Attack} 12. Bg5 Rb8 13. Qe3 $146 ({Find the theoretical novelty and annotate with similar games:} 13. d5 Na5 14. Bxf6 Bxf6 15. Nbd2 Bg5 16. g4 Bxd2 17. Nxd2 Bg6 18. Nf1 f6 19. f3 {1-0 (38) Vallejo Pons,F (2717)-Tomashevsky,E (2710) Tbilisi 2017}) 13... Na5 14. Nbd2 Nxb3 15. axb3 exd4 16. cxd4 c5 17. Rdc1 Qb7 18. Ra2 (18. dxc5 $11 dxc5 19. Nh4) 18... Bg6 19. Bxf6 Bxf6 20. dxc5 dxc5 21. Rxc5 Rfc8 ({Black should try} 21... Bd8 $15) 22. h4 (22. Rxc8+ {NOTEXT} Rxc8 23. e5 Bd8 24. Ra1 Bb6 25. Nd4) 22... Rxc5 23. Qxc5 Bxe4 24. Nxe4 Qxe4 25. Rxa6 h6 26. h5 Rd8 27. Ra1 Bxb2 28. Re1 Qd3 29. b4 Qc4 30. Qe7 (30. Qxc4 $11 bxc4 31. Re4) 30... Bf6 $15 31. Qe4 {[#]} Bc3 (31... Qxe4 $1 $17 32. Rxe4 Rd1+ 33. Kh2 Bc3) 32. Qxc4 $11 {The position is equal.} bxc4 {[%mdl 4096] Endgame KRB-KRN} 33. Rc1 Bxb4 {Threatens to win with ...c3.} 34. Rxc4 Rd1+ 35. Kh2 Bd6+ 36. Kh3 f5 {[#] ( -> ...Rh1+)} (36... g6 {NOTEXT} 37. hxg6 fxg6 38. g3 Kg7 39. Rc6 Kf6) 37. g4 fxg4+ 38. Kxg4 Kf7 39. Ra4 Bc5 40. Ne5+ Ke6 41. f4 Rd4 42. Ra6+ Bd6 43. Ng6 Kf6 44. Kf3 Kf5 45. Ra5+ Kf6 46. Ke3 Rd1 47. Ke4 Re1+ 48. Kf3 Rd1 49. Ra6 Kf5 50. Nh4+ Ke6 51. Ng6 Kf5 52. Nh4+ Ke6 53. Ra4 Rf1+ 54. Kg4 Rg1+ 55. Kf3 Rf1+ 56. Kg4 Rg1+ 57. Kf3 Rf1+ 58. Ke4 $2 {[%mdl 40960] Precision: White = 62%, Black = 59%. . An unexpected result.} (58. Kg4 $11) 1/2-1/2

[Event "27th Keres Memorial 2018"]
[Site "Tallinn"]
[Date "2018.01.13"]
[Round "6"]
[White "Alekseev, Evgeny"]
[Black "Jezov, Roman"]
[Result "1/2-1/2"]
[WhiteElo "2697"]
[BlackElo "2323"]
[Annotator "TA"]
[PlyCount "72"]
[EventDate "2018.??.??"]
[EventType "swiss"]
[EventCountry "EST"]
[SourceTitle "playchess.com"]
[Source "ChessBase"]
[SourceQuality "1"]

{[%evp 24,72,18,10,17,14,17,19,18,0,134,-10,0,0,0,-5,-2,-2,-2,-2,-3,-28,-8,-6,13,4,7,10,10,10,10,12,10,-1,-18,-15,30,32,406,138,354,145,151,154,143,81,202,175,183,133,215]} 1. e4 e5 2. Nf3 Nc6 3. Bb5 a6 4. Ba4 d6 5. c3 f5 6. exf5 Bxf5 7. O-O Bd3 8. Re1 Be7 9. Bc2 Bxc2 10. Qxc2 Nf6 11. d4 e4 12. Ng5 d5 13. f3 h6 {C74: Ruy Lopez: Deferred Steinitz: 5 c3 f5} 14. Nh3 {[%cal Rf3e4]} O-O 15. Nd2 {[%cal Rf3e4]} exf3 {The position is equal.} 16. Nxf3 Bd6 {[#]} (16... Qd7 $11) (16... Rf7 17. Nf2 Bd6 18. Bd2 Qf8 19. Ne5 Bxe5 20. dxe5 Nd7 21. Ng4 {½-½ (52) Fressinet,L (2657)-Stevic,H (2616) Heraklio 2017}) 17. Nf2 (17. Bxh6 $1 $16 {[%mdl 512] Hoping for Qg6.} gxh6 18. Qg6+ Kh8 19. Qxh6+ Nh7 20. Nhg5) 17... Re8 $146 ({Find the theoretical novelty and annotate with similar games:} 17... Qd7 18. Bd2 Ng4 19. Nxg4 Qxg4 20. Qd3 Rf6 21. Ne5 {½-½ (56) Narva,M (2241)-Shuvalova,P (2387) Moscow 2017}) 18. Bd2 Qd7 19. b3 Rxe1+ 20. Rxe1 Re8 21. Rxe8+ Qxe8 22. Kf1 Ne4 23. Be1 Bf4 24. Qe2 Qe7 25. Nxe4 dxe4 26. Nd2 e3 ({But not} 26... Bxh2 $6 27. g3 $16) 27. Nf3 Qe4 $1 28. Qd1 Ne7 29. Ke2 Qg6 30. g3 Nd5 $2 {[%mdl 8192]} ({Better is} 30... h5 $14) 31. Qd3 $2 (31. c4 $18 {and the rest is easy.}) 31... Qh5 $2 (31... Qxd3+ $16 {was called for.} 32. Kxd3 Bd6) 32. Qe4 (32. c4 $18) 32... Bd6 $16 33. c4 Nf6 34. Qxe3 (34. Qxb7 $142 {Black must now prevent c5.} Qh3 35. c5 (35. Kxe3 c5 $16)) 34... Ng4 (34... Qh3 $16) 35. Qe6+ $18 Kh8 36. h4 Nf6 {Precision: White = 32%, Black = 21%.} (36... b6 $16) 1/2-1/2

[Event "27th Keres Memorial 2018"]
[Site "Tallinn"]
[Date "2018.01.13"]
[Round "6"]
[White "Fridman, Daniel"]
[Black "Petursson, Margeir"]
[Result "1-0"]
[WhiteElo "2671"]
[BlackElo "2387"]
[Annotator "TA"]
[PlyCount "55"]
[EventDate "2018.??.??"]
[EventType "swiss"]
[EventCountry "EST"]
[SourceTitle "playchess.com"]
[Source "ChessBase"]
[SourceQuality "1"]

{[%evp 15,55,17,8,-64,-10,-8,-4,-80,-70,-144,-8,-22,-13,0,-12,-114,-68,-60,-57,-55,-58,-63,-59,-60,-60,-58,-57,-50,-1,-2,0,0,32,32,100,102,403,385,303,83,29996,-124]} 1. d4 Nf6 2. Nf3 d5 3. c4 c6 4. Qc2 g6 5. Bf4 Bg7 6. e3 O-O 7. Nc3 c5 8. dxc5 {D93: Grünfeld: 4 Nf3 Bg7 5 Bf4 0-0 6 e3} Qa5 {LiveBook: 55 Games} 9. O-O-O (9. Rc1 $11) (9. Rd1 dxc4 10. Bxc4 Qxc5 11. Bb3 Nc6 12. O-O Bf5 13. Qe2 Rad8 14. h3 h6 15. e4 g5 16. Be3 Qa5 17. exf5 Qxf5 18. Nd4 {1-0 (18) Bu,X (2730)-Ibrahimov,R (2518) Riadh 2017}) 9... dxc4 (9... Bf5 $15 10. Bd3 Bxd3 11. Qxd3 (11. Rxd3 Nc6 $17) 11... Na6 12. cxd5 Ng4) 10. Bxc4 $11 {The position is equal.} Nc6 $146 ({Find the theoretical novelty and annotate with similar games:} 10... Na6 11. Ne5 Nxc5 12. f3 Be6 13. Bxe6 Nxe6 14. Kb1 Rfc8 15. Qb3 Qa6 16. g4 Rd8 17. Bg3 Rxd1+ 18. Rxd1 Rd8 19. Rxd8+ Nxd8 20. Qb5 {½-½ (20) Eriksson,J (2222)-Lind,J (2218) Gothenburg 2005}) 11. a3 (11. Ng5 $11 {remains equal.}) 11... Qxc5 $17 12. Nd5 (12. Na4 $15 Qh5 13. Nc3) 12... Nxd5 ({Black should try} 12... Na5 $1 $17 13. Nxf6+ Bxf6) 13. Rxd5 $11 Qb6 14. Rb5 Qd8 15. h4 (15. Rd1 $11 Qe8 16. Rc5) 15... Bf5 16. e4 Nd4 17. Nxd4 Qxd4 18. exf5 {Black must now prevent Be3.} Qxf4+ 19. Kb1 Rac8 20. Rb4 $1 Kh8 {Strongly threatening ...a5.} 21. g3 Qe5 22. fxg6 (22. Rxb7 $2 Rxc4 $1 {[%mdl 512]} 23. Qxc4 Qxf5+ 24. Ka2 Qf3 $19) 22... fxg6 {aiming for ...a5.} 23. f4 $36 {[%mdl 2048] Black is under pressure.} Qe3 24. Qd3 Qf2 {[#]} (24... Qxd3+ $14 25. Bxd3 Rfd8) 25. h5 $1 $16 {[%cal Bh4h5,Bh5g6][%mdl 32]} ({Not} 25. Rxb7 $2 {[#]} Rxc4 $1 {[%mdl 512]} 26. Qxc4 Qg2 $19) 25... Rfd8 $2 {[%mdl 8192] [#]} (25... g5 $16 {is tougher.}) 26. hxg6 $1 $18 {[%csl Gd3,Gg6][%cal Rh1h7][%mdl 512]} h6 27. Qe2 $2 (27. Qe4 $18 {is more deadly. White threatens Rxh6+! and mate.} Qc5 28. Be6) 27... Qxg3 $2 {[%mdl 8192] [#]} (27... Qxe2 $16 28. Bxe2 Rd2) 28. Rxh6+ $1 {[%mdl 33280] Precision: White = 43%, Black = 20%. . Loss on Time!?} 1-0

[Event "27th Keres Memorial 2018"]
[Site "Tallinn"]
[Date "2018.01.13"]
[Round "6"]
[White "Potkin, Vladimir"]
[Black "Stupak, Kirill"]
[Result "1-0"]
[WhiteElo "2650"]
[BlackElo "2527"]
[Annotator "TA"]
[PlyCount "65"]
[EventDate "2018.??.??"]
[EventType "swiss"]
[EventCountry "EST"]
[SourceTitle "playchess.com"]
[Source "ChessBase"]
[SourceQuality "1"]

{[%evp 24,65,68,79,100,72,164,170,163,163,173,161,158,125,123,128,137,121,170,166,149,151,156,165,153,141,141,161,175,177,645,598,610,608,590,605,593,581,671,687,1036,645,634,629]} 1. c4 Nf6 2. Nc3 c5 3. Nf3 g6 4. d4 cxd4 5. Nxd4 Bg7 6. e4 O-O 7. Be2 d6 8. O-O Nc6 9. Be3 Nxd4 10. Bxd4 Be6 11. f4 Qa5 12. Rc1 Rfc8 13. b3 Re8 {B38: Sicilian: Maroczy Bind with 5...Bg7 and 7...0-0} 14. Bf3 Nd7 $146 {[#]} (14... Rad8 $16) ({Predecessor:} 14... Rab8 15. Rf2 Bg4 16. Nd5 Bxf3 17. Qxf3 Nd7 18. b4 Qa4 19. Bxg7 Kxg7 20. f5 f6 21. Nc7 Qxb4 {½-½ (41) Solonar,S (2385)-Staller,P (2307) Germany 2003}) 15. f5 $1 $18 {[%mdl 512]} gxf5 {White is clearly better.} 16. exf5 Bxf5 17. Bxb7 Rab8 18. Bc6 Bxd4+ 19. Qxd4 {Strongly threatening Rce1.} Qb6 20. c5 dxc5 {[#]} 21. Qa4 $1 {Threatens to win with Nd5.} c4+ 22. Kh1 Nc5 23. Qxc4 Be6 24. Bd5 {[%cal Bc6d5,Bd5f7,Bf7g6][%mdl 32]} Qb4 25. Qe2 $36 {[%mdl 2048] White has strong initiative.} Rbd8 26. Qh5 Qd4 $2 (26... Nd7 27. Ne4 (27. Rxf7 Bxf7 28. Bxf7+ Kh8 $16) 27... Bxd5 28. Qxd5 Rf8) 27. Rxf7 {White is clearly winning.} Bxf7 28. Bxf7+ Kh8 29. Bg6 {[%csl Gg6][%cal Rh5h7]} ({Not} 29. Bxe8 Nd3 $18) 29... Qg7 30. Bxe8 Nd3 31. Rf1 e5 32. Qf7 Qxf7 33. Bxf7 1-0

[Event "27th Keres Memorial 2018"]
[Site "Tallinn"]
[Date "2018.01.13"]
[Round "6"]
[White "Turov, Maxim"]
[Black "Shilnikov, Igor S"]
[Result "1-0"]
[WhiteElo "2640"]
[BlackElo "1774"]
[Annotator "TA"]
[PlyCount "69"]
[EventDate "2018.??.??"]
[EventType "swiss"]
[EventCountry "EST"]
[SourceTitle "playchess.com"]
[Source "ChessBase"]
[SourceQuality "1"]

{[%evp 9,69,58,59,-8,80,63,73,59,62,54,52,52,63,45,72,74,74,69,62,38,60,37,31,11,88,55,65,39,96,99,131,116,112,60,79,67,69,53,118,123,184,172,175,158,223,171,187,177,207,208,258,264,564,369,864,870,6495,5910,29991,29992,29996,29997]} 1. Nf3 d6 2. d4 Bg4 3. e4 g6 4. h3 Bxf3 5. Qxf3 Bg7 {LiveBook: 4 Games} 6. Qb3 {B06: Modern Defence} (6. Bc4 $14 e6 7. d5) 6... Qc8 (6... Bxd4 $11 7. Qxb7 (7. c3 Bb6 $11) 7... Nd7) 7. Bc4 e6 $1 8. c3 {White is better.} Nf6 9. Nd2 O-O 10. O-O Nc6 11. Qc2 Na5 12. Be2 $146 c5 13. dxc5 dxc5 14. Re1 Rd8 15. e5 Nd5 16. Nf3 h6 (16... Nc6 $11 {keeps the balance.}) 17. Qe4 Ne7 18. Bd3 c4 (18... Qc6 $14) 19. Bc2 $36 {[%mdl 2048] White is really pushing.} Nf5 20. g4 Ne7 21. Bf4 (21. h4 $16) 21... Qc6 22. Qe2 Rd7 23. h4 {[%cal Bh3h4,Bh4h5][%mdl 32]} Rad8 {[#]} ({Better is} 23... Qb6 $14) 24. h5 $1 Rd3 (24... g5 $16 {was called for.}) 25. Nd4 $18 ({Resist} 25. Bxd3 $6 cxd3 26. Qe4 g5 $14) 25... R3xd4 26. cxd4 Rxd4 (26... g5 $16) 27. Be4 Nd5 28. Bg3 g5 29. Rad1 Rxd1 30. Rxd1 ({Weaker is} 30. Qxd1 Qd7 $16) 30... Qc5 $2 (30... c3 {might work better.} 31. Bxd5 exd5 32. bxc3 Nc4) 31. Qf3 Nf4 $2 (31... Qe7 32. Bxd5 exd5 33. Rxd5 Nc6) 32. Bxf4 gxf4 33. Rd8+ Bf8 34. Qxf4 Nc6 {[#]} 35. Qxh6 $1 {[%mdl 512] Precision: White = 67%, Black = 42%.} 1-0

[Event "27th Keres Memorial 2018"]
[Site "Tallinn"]
[Date "2018.01.13"]
[Round "6"]
[White "Neiksans, Arturs"]
[Black "Meier, Georg"]
[Result "1/2-1/2"]
[WhiteElo "2590"]
[BlackElo "2660"]
[Annotator "TA"]
[PlyCount "35"]
[EventDate "2018.??.??"]
[EventType "swiss"]
[EventCountry "EST"]
[SourceTitle "playchess.com"]
[Source "ChessBase"]
[SourceQuality "1"]

{[%evp 21,35,0,0,0,0,0,0,0,4,12,6,12,8,7,14,0]} 1. c4 b6 2. d4 e6 3. Nf3 Bb7 4. g3 Bb4+ 5. Nbd2 Nf6 6. Bg2 c5 7. a3 {E16: Queen's Indian: 4 g3 Bb7 5 Bg2 Bb4+} (7. dxc5 Bxc5 8. O-O O-O 9. b3 d5 10. Bb2 Nbd7 11. Rc1 Rc8 12. e3 Qe7 13. cxd5 Bxd5 14. Nc4 Ne4 15. Nfd2 Ndf6 16. Nxe4 Nxe4 {1-0 (51) Akobian,V (2647)-Fedorchuk,S (2648) Riadh 2017}) 7... Bxd2+ 8. Bxd2 cxd4 9. O-O Bxf3 10. Bxf3 Nc6 11. Bf4 O-O {LiveBook: 9 Games. The position is equal.} 12. Bd6 Re8 13. Bxc6 dxc6 14. Qxd4 c5 $146 15. Qf4 Nh5 16. Qe5 f6 17. Qxh5 {[#] Hoping for Rfd1.} Qxd6 18. Rad1 1/2-1/2

[Event "27th Keres Memorial 2018"]
[Site "Tallinn"]
[Date "2018.01.13"]
[Round "6"]
[White "Aleksandrov, Aleksej"]
[Black "Smirnov, Artem"]
[Result "1-0"]
[WhiteElo "2567"]
[BlackElo "2300"]
[Annotator "TA"]
[PlyCount "83"]
[EventDate "2018.??.??"]
[EventType "swiss"]
[EventCountry "EST"]
[SourceTitle "playchess.com"]
[Source "ChessBase"]
[SourceQuality "1"]

{[%evp 19,83,-25,-27,-31,11,-22,-12,-20,8,-50,-42,-48,-37,-58,-44,-79,-83,-64,-43,-69,-60,-77,-75,-77,-90,-107,-89,-91,-60,-60,56,0,59,50,114,58,104,0,123,133,311,-40,-30,-130,197,190,176,106,433,439,459,443,533,329,410,410,693,632,714,712,694,629,816,800,5137,4994]} 1. d4 Nf6 2. c4 e6 3. Nc3 Bb4 4. e3 O-O 5. Bd3 d5 6. cxd5 exd5 7. Nge2 b6 8. O-O {E48: Nimzo-Indian: Rubinstein: 5 Bd3 d5 including 6 Ne2, but excluding 6 a3} Re8 9. Qc2 (9. f3 c5 10. a3 Bxc3 11. bxc3 Ba6 12. Bxa6 Nxa6 13. Ra2 Nc7 14. a4 Rc8 15. Bd2 Qd7 16. Nf4 h6 17. Nd3 Qf5 18. Qb1 Nd7 19. Nf4 Qf6 20. Qd3 Qc6 {½-½ (28) Ivanchuk,V (2747)-Dominguez Perez,L (2739) Doha 2016}) 9... Bb7 10. Bd2 Bf8 {LiveBook: 3 Games} 11. Rad1 Nbd7 $146 ({Predecessor:} 11... c5 12. Bc1 Nc6 13. a3 c4 14. Bf5 g6 15. Bh3 Na5 16. Bd2 Nb3 {1-0 (39) Aleksandrov,A (2612)-Swayams,M (2386) Chennai 2012}) 12. Bc1 c5 13. dxc5 bxc5 14. Bb5 (14. Nf4 $11) 14... a6 $15 15. Ba4 Bd6 16. Ng3 Qc7 17. Bb3 {[%cal Rc3d5]} Nb6 18. Na4 Nc8 {[#] White must now prevent ...c4.} 19. a3 Ne7 20. Rfe1 h5 21. Nf1 Ng6 22. Nc3 {[%cal Rc3d5]} c4 23. Ba4 Re5 24. Ne2 d4 (24... h4 $15) 25. Nxd4 (25. Rxd4 $14 Rc8 26. f3) 25... Rg5 (25... Be4 $11 26. Qe2 Bd3 27. Rxd3 cxd3 28. Qxd3 Nf4) 26. e4 $14 Nf4 (26... Bf4 $14) 27. g3 (27. Bxf4 $16 Bxf4 28. Nf3) 27... h4 (27... Nh3+ 28. Kg2 $16) 28. Nf3 (28. Bxf4 $16 Bxf4 29. Nf3 hxg3 30. hxg3 (30. Nxg5 gxf2+ 31. Qxf2 Bxg5 $11)) 28... Nh3+ (28... hxg3 $1 $11 29. Nxg5 gxf2+ 30. Kxf2 (30. Qxf2 Bc5 $11) 30... Qc5+ 31. Re3 Ng4+ 32. Ke1 Bc7) 29. Kg2 $16 hxg3 $2 (29... Rg4 $16) 30. hxg3 $2 (30. Nxg5 gxf2 31. Re2 (31. Nxh3 fxe1=N+ 32. Rxe1 Nxe4 $16) 31... Nxg5 $18) ({White should try} 30. Bxg5 $18 gxf2 31. Re2 (31. Kxh3 Qc8+ 32. Kg2 fxe1=N+ 33. Rxe1 Qg4+ 34. Ng3 Bxg3 $11)) 30... Rh5 $15 {Strongly threatening ...Qc8.} 31. Rd4 (31. Nh4 $1 $11 {remains equal.}) 31... Ng4 $2 {[%mdl 8192]} (31... Qc8 $17 {stays on course. ( -> ...Nf4+!)} 32. Nh4 (32. Rxd6 {leads to mate.} Nf4+ 33. Kg1 Rh1+ 34. Kxh1 Qh3+ 35. N3h2 Qg2#) 32... Bc5 33. Rxc4 Nxe4 34. Rexe4 Nxf2 35. Qxf2 Bxe4+ 36. Rxe4 Bxf2 37. Re8+ Qxe8 38. Bxe8 Rxe8 39. Kxf2 Rc5) 32. Rxc4 $18 Qe7 33. Re2 (33. Be3 $1 $18) 33... Qf6 $2 {[%mdl 8192]} (33... Nhxf2 $16 34. Rxf2 Nxf2 35. Kxf2 Rc5) 34. Bc6 Bxc6 35. Rxc6 {[#] And now Rc8+ would win.} Re8 36. Qd3 Re6 37. e5 Nxe5 (37... Nhxf2 $142 38. Qc2 Rexe5 39. Nxe5 (39. Rxf2 Rc5 $14) 39... Rxe5) 38. Nxe5 {White is clearly winning.} Rhxe5 39. Rxe5 ({Less strong is} 39. Kxh3 Rxe2 40. Rxd6 Qxf2 $11) 39... Qxe5 40. Kxh3 g6 41. Kg2 Qe1 42. Be3 {Precision: White = 39%, Black = 30%.} 1-0